<?xml version="1.0" encoding="UTF-8"?>
<record
    xmlns:xsi="http://www.w3.org/2001/XMLSchema-instance"
    xsi:schemaLocation="http://www.loc.gov/MARC21/slim http://www.loc.gov/standards/marcxml/schema/MARC21slim.xsd"
    xmlns="http://www.loc.gov/MARC21/slim">

  <leader>01009ntaaa2200301   4500</leader>
  <controlfield tag="003">01</controlfield>
  <controlfield tag="005">20251027203314.0</controlfield>
  <controlfield tag="008">0714s1973  ag    01 </controlfield>
  <datafield tag="020" ind1=" " ind2=" ">
    <subfield code="a">9501365247</subfield>
  </datafield>
  <datafield tag="040" ind1=" " ind2=" ">
    <subfield code="a">AR-BaBN</subfield>
    <subfield code="b">spa</subfield>
    <subfield code="c">AR-BaBN</subfield>
    <subfield code="e">aacr</subfield>
    <subfield code="d">RIC</subfield>
  </datafield>
  <datafield tag="082" ind1=" " ind2=" ">
    <subfield code="a">306.87 C27</subfield>
  </datafield>
  <datafield tag="100" ind1=" " ind2=" ">
    <subfield code="a">Castellan, Ivonne </subfield>
    <subfield code="9">24483</subfield>
  </datafield>
  <datafield tag="245" ind1=" " ind2=" ">
    <subfield code="a">La familia : </subfield>
    <subfield code="b">del grupo a la c&#xE9;lula / </subfield>
    <subfield code="c">Ivonne Castellan</subfield>
  </datafield>
  <datafield tag="260" ind1=" " ind2=" ">
    <subfield code="a">Buenos Aires : </subfield>
    <subfield code="b">Kapelusz, </subfield>
    <subfield code="c">1983</subfield>
  </datafield>
  <datafield tag="300" ind1=" " ind2=" ">
    <subfield code="a">167 p. ; </subfield>
    <subfield code="c">il. ; 23 cm.</subfield>
  </datafield>
  <datafield tag="490" ind1=" " ind2=" ">
    <subfield code="a">Biblioteca de psicolog&#xED;a contempor&#xE1;nea</subfield>
  </datafield>
  <datafield tag="500" ind1=" " ind2=" ">
    <subfield code="a">T&#xED;tulo original: La famille du groupe a la cellule</subfield>
  </datafield>
  <datafield tag="500" ind1=" " ind2=" ">
    <subfield code="a">Ed. original en franc&#xE9;s: Dunod</subfield>
  </datafield>
  <datafield tag="500" ind1=" " ind2=" ">
    <subfield code="a">Bibliograf&#xED;a: p. 160-167</subfield>
  </datafield>
  <datafield tag="505" ind1=" " ind2=" ">
    <subfield code="t">1. El campo de los comportamientos</subfield>
  </datafield>
  <datafield tag="505" ind1=" " ind2=" ">
    <subfield code="t">2. El campo de elaboraci&#xF3;n de las personalidades</subfield>
  </datafield>
  <datafield tag="505" ind1=" " ind2=" ">
    <subfield code="t">3. Subgrupos, extragrupos y ciclos de vida</subfield>
  </datafield>
  <datafield tag="650" ind1=" " ind2=" ">
    <subfield code="a">PSICOLOGIA</subfield>
    <subfield code="9">2648</subfield>
  </datafield>
  <datafield tag="650" ind1=" " ind2=" ">
    <subfield code="a">COMPORTAMIENTO</subfield>
    <subfield code="9">34951</subfield>
  </datafield>
  <datafield tag="650" ind1=" " ind2=" ">
    <subfield code="a">PERSONALIDAD</subfield>
  </datafield>
  <datafield tag="700" ind1=" " ind2=" ">
    <subfield code="a">Ib&#xE1;&#xF1;ez, Iris Acacia </subfield>
    <subfield code="e">traductor</subfield>
    <subfield code="9">36286</subfield>
  </datafield>
  <datafield tag="942" ind1=" " ind2=" ">
    <subfield code="c">BK</subfield>
  </datafield>
  <datafield tag="999" ind1=" " ind2=" ">
    <subfield code="c">28541</subfield>
    <subfield code="d">28541</subfield>
  </datafield>
  <datafield tag="952" ind1=" " ind2=" ">
    <subfield code="0">0</subfield>
    <subfield code="1">0</subfield>
    <subfield code="4">0</subfield>
    <subfield code="7">0</subfield>
    <subfield code="a">BP</subfield>
    <subfield code="b">BP</subfield>
    <subfield code="d">2025-10-27</subfield>
    <subfield code="i">045022</subfield>
    <subfield code="l">0</subfield>
    <subfield code="o">306.87 C27</subfield>
    <subfield code="p">045022</subfield>
    <subfield code="r">2025-10-27 20:33:14</subfield>
    <subfield code="w">2025-10-27</subfield>
    <subfield code="y">BK</subfield>
  </datafield>
</record>
